| 000 | 00880nam a2200193 i 4500 | ||
|---|---|---|---|
| 001 | 151440 | ||
| 003 | ES-MaACL | ||
| 005 | 20230906204021.0 | ||
| 008 | 931025s1859 sp |||| | spa d | ||
| 080 | _a341.1/.8 | ||
| 100 | 1 |
_aAlvarez de los Corrales y Melgarejo, Diego. _920765 |
|
| 245 | 1 | 0 | _aDiscurso leído en la Universidad Central por Diego Alvarez de los Corrales y Malgarejo en el acto solemne de recibir la investidura de Doctor. |
| 260 |
_aMadrid : _b[s.n.], _c1859 ( _fImp. de Tejado) |
||
| 300 |
_a15 p. ; _c24 cm. |
||
| 594 | _aTít. en antep.: Breves consideraciones sobre las doctrinas de los escritores españoles de derecho internacional del siglo XVI. | ||
| 650 | 0 | 4 |
_aDerecho internacional público- _yS.XVI. _911725 |
| 852 |
_aES-MaACL _jT-689-F-5 _z-- Enc. hol., conservando la cub. original _z-- Enc. en un vol. facticio |
||
| 852 |
_aES-MaACL _jT-373-F-1 |
||
| 999 |
_c151440 _d151440 |
||